Slovan Bratislava ÚNV v rovníkovej Afrike

Bibliographic Details
Format: Book
Language:Slovak
PhysicalDescription:63, [1] s. 8°
Published: [Bratislava] [vydavateľ nie je známy] 1960
Subjects:

MARC

LEADER 00000nam a2200000 a 4500
001 vtls008348224
003 SK-MaSNL
005 20260301164801.0
008 230403s1960 xo slo
015 |a SNBA1960/08-01198 
035 |a SK01SNK19600040441 
035 |a urn:nbn:sk:snk-amlmd4 
035 |a urn:nbn:sk:snk-am00bxgj 
035 |a 64832FFD-7389-442F-8927-4794305E59D1 
035 |a SKM000042904 
040 |a SNK  |b slo  |c SNK  |e AACR2 
041 0 |a slo 
044 |a xo  |c SK 
080 |a 796.332.085  |2 1981 
245 0 0 |a Slovan Bratislava ÚNV v rovníkovej Afrike 
260 |a [Bratislava]  |b [vydavateľ nie je známy]  |c 1960  |e Bratislava  |f Západoslovenské tlačiarne 
300 |a 63, [1] s.  |c 8° 
500 |a Ilustr. Fot. 
610 0 7 |a ŠK Slovan Bratislava (Slovensko : futbalový klub)  |2 SNK  |9 176904 
650 0 7 |a futbalisti  |z Slovensko  |x zájazd do Afriky  |y 1959-1960  |x brožúry  |2 SNK  |9 532674 
655 7 |a príručky  |2 SNKPH  |9 74364 
852 |a Slovenská národná knižnica 
954 |a odborná, vedecká literatúra pôvodná (slovenská)  |2 lita 
958 |a OND 
958 |a TL 
958 |a RK 
958 |a EUIPO 
999 |c 821813  |d 823743 
952 |a SNK  |b SNK  |y PREZ  |7 0  |p 17A0656894  |o snkSD 18626  |i snkKSP 2173/60  |0 0  |1 0  |4 0  |d 2010-06-02  |f 1  |l 0  |r 2025-12-02 00:00:00  |w 2026-02-24